[Event "Titled Tuesday intern op 16th Jan Early"]
[Site "Chess.com INT"]
[Date "2024.01.16"]
[Round "8"]
[White "Golubovic, Erik"]
[Black "Sakun, Volodymyr"]
[Result "1-0"]
[WhiteElo "2025"]
[BlackElo "2356"]
[PlyCount "115"]
[EventDate "2024.01.16"]
[EventType "swiss (blitz)"]
[EventRounds "11"]
[EventCountry "USA"]
[SourceTitle "CB04_2024"]
[SourceDate "2023.10.16"]
[SourceVersion "1"]
[SourceVersionDate "2023.10.16"]
[SourceQuality "1"]

1. d4 Nf6 2. c4 c5 3. d5 b5 4. cxb5 a6 5. b6 d6 6. Nc3 Nbd7 7. e4 Nxb6 8. Nf3 g6 9. Be2 Bg7 10. 0-0 0-0 11. Rb1 a5 12. a4 Ba6 13. Bxa6 Rxa6 14. Qc2 Nfd7 15. Nd2 Ra8 16. Nb5 Ne5 17. b3 Rc8 18. Nc4 Nbxc4 19. bxc4 e6 20. f4 Ng4 21. h3 Nf6 22. e5 dxe5 23. fxe5 Nd7 24. Bb2 Qg5 25. Nd6 Rb8 26. Ne4 Qe3+ 27. Kh1 Rxb2 28. Rxb2 Bxe5 29. Rb3 Qd4 30. Rd1 exd5 31. Rxd4 Bxd4 32. cxd5 Ne5 33. Nxc5 Rd8 34. Nb7 Rxd5 35. Qc8+ Kg7 36. Rb5 Rd7 37. Nc5 Re7 38. Ne4 Nd7 39. Qc2 Nf8 40. Rd5 Be5 41. Rxe5 Rxe5 42. Qc3 Nd7 43. Nd6 f6 44. Nc4 Rd5 45. Nxa5 Kf7 46. Nb7 Ke6 47. Qc6+ Kf7 48. Qxd5+ Ke7 49. Nc5 Ne5 50. Qe6+ Kd8 51. Qxf6+ Kc7 52. Qxe5+ Kb6 53. Qd6+ Ka5 54. Nb3+ Kxa4 55. Qb6 Ka3 56. Nd4 Ka4 57. Qb3+ Ka5 58. Qb5# 1-0

[Event "Titled Tuesday intern op 16th Jan Early"]
[Site "Chess.com INT"]
[Date "2024.01.16"]
[Round "4"]
[White "Sakun, Volodymyr"]
[Black "Mishra, Manoj"]
[Result "1/2-1/2"]
[WhiteElo "2356"]
[BlackElo "1902"]
[PlyCount "114"]
[EventDate "2024.01.16"]
[EventType "swiss (blitz)"]
[EventRounds "11"]
[EventCountry "USA"]
[SourceTitle "CB04_2024"]
[SourceDate "2023.10.16"]
[SourceVersion "1"]
[SourceVersionDate "2023.10.16"]
[SourceQuality "1"]

1. Nf3 Nf6 2. d4 g6 3. g3 Bg7 4. Bg2 0-0 5. 0-0 d6 6. Re1 Nbd7 7. e4 e5 8. Bg5 h6 9. Bd2 c5 10. c3 b6 11. Na3 Bb7 12. d5 Ne8 13. Nh4 Kh7 14. Nc4 Ndf6 15. a4 a6 16. Ne3 b5 17. Ng4 Nxg4 18. Qxg4 Nf6 19. Qe2 Qd7 20. Qf1 bxa4 21. h3 Qb5 22. Re2 Qxb2 23. Rb1 Qc2 24. Rxb7 Rab8 25. Rxb8 Rxb8 26. Bxh6 Qxc3 27. Bxg7 Kxg7 28. f4 Qxg3 29. Nf3 Qxf4 30. Nd2 Qg3 31. Nc4 Ne8 32. Re3 Qg5 33. Rf3 f6 34. Kh2 Rb3 35. Qa1 Rxf3 36. Bxf3 Qf4+ 37. Kg2 Qg5+ 38. Kf2 Qh4+ 39. Ke3 Qg5+ 40. Ke2 Qh4 41. Qxa4 Kf7 42. Qxa6 Qxh3 43. Qb7+ Kf8 44. Qc6 Qh2+ 45. Kd3 Qg1 46. Nxd6 Qd4+ 47. Ke2 Qb2+ 48. Kf1 Qc1+ 49. Kg2 Qg5+ 50. Kf2 Qd2+ 51. Kg3 Qf4+ 52. Kg2 Qd2+ 53. Kh3 Qh6+ 54. Kg2 Qg5+ 55. Kf1 Qc1+ 56. Ke2 Qc2+ 57. Kf1 Qc1+ 1/2-1/2

[Event "Titled Tuesday intern op 16th Jan Early"]
[Site "Chess.com INT"]
[Date "2024.01.16"]
[Round "3"]
[White "Samaganova, Alexandra"]
[Black "Sakun, Volodymyr"]
[Result "1-0"]
[WhiteElo "1884"]
[BlackElo "2356"]
[PlyCount "157"]
[EventDate "2024.01.16"]
[EventType "swiss (blitz)"]
[EventRounds "11"]
[EventCountry "USA"]
[SourceTitle "CB04_2024"]
[SourceDate "2023.10.16"]
[SourceVersion "1"]
[SourceVersionDate "2023.10.16"]
[SourceQuality "1"]

1. c4 g6 2. Nc3 Bg7 3. g3 e5 4. Bg2 Nc6 5. e3 Nge7 6. Nge2 d6 7. 0-0 0-0 8. d4 a6 9. a3 Bg4 10. h3 Bxe2 11. Nxe2 f5 12. b4 e4 13. b5 axb5 14. cxb5 Nb8 15. Qb3+ Kh8 16. Bb2 Nd7 17. Nf4 Rf6 18. Rfc1 c6 19. bxc6 bxc6 20. a4 d5 21. Ba3 g5 22. Nh5 Rg6 23. Nxg7 Kxg7 24. Bxe7 Qxe7 25. Qb7 Rb8 26. Qa7 Re6 27. a5 f4 28. Rab1 Rxb1 29. Rxb1 f3 30. Bf1 Qf7 31. Rb7 Re7 32. Qa6 Qe6 33. Rc7 Nb8 34. Rxe7+ Qxe7 35. Qc8 Qa7 36. a6 Kg6 37. Qe6+ Kg7 38. Qf5 h6 39. Qc8 h5 40. Qe8 h4 41. Qh5 hxg3 42. Qxg5+ Kf7 43. Qxg3 Nxa6 44. Qf4+ Ke6 45. Qe5+ Kd7 46. h4 Nc7 47. Bh3+ Kd8 48. Qd6+ Ke8 49. Qxc6+ Ke7 50. Qd7+ Kf6 51. Qf5+ Kg7 52. h5 Qb6 53. Qg4+ Kh6 54. Qd7 Kxh5 55. Qg4+ Kh6 56. Qh4+ Kg7 57. Qg4+ Qg6 58. Kh2 Ne6 59. Qxe6 Qxe6 60. Bxe6 Kf6 61. Bxd5 Kf5 62. Bc6 Kg5 63. Bxe4 Kg4 64. Bd5 Kf5 65. Bxf3 Kf6 66. Kg3 Kf5 67. Bg4+ Kg5 68. Kf3 Kf6 69. Kf4 Kg6 70. Be2 Kf6 71. Ke4 Ke6 72. f4 Kd6 73. Kf5 Kd5 74. Kg6 Ke4 75. f5 Kxe3 76. f6 Kxe2 77. f7 Kd3 78. f8Q Kxd4 79. Kf5 1-0

[Event "Titled Tuesday intern op 09th Jan Early"]
[Site "Chess.com INT"]
[Date "2024.01.09"]
[Round "8"]
[White "Krishnan, Ritvik"]
[Black "Sakun, Volodymyr"]
[Result "0-1"]
[WhiteElo "2277"]
[BlackElo "2356"]
[PlyCount "90"]
[EventDate "2024.01.09"]
[EventType "swiss (blitz)"]
[EventRounds "11"]
[EventCountry "USA"]
[SourceTitle "CB03_2024"]
[SourceDate "2024.01.17"]
[SourceVersion "1"]
[SourceVersionDate "2024.01.17"]
[SourceQuality "1"]

1. e4 e5 2. Nf3 Nc6 3. Bb5 a6 4. Ba4 Nf6 5. Nc3 d6 6. 0-0 Bd7 7. d4 b5 8. Bb3 Nxd4 9. Nxd4 exd4 10. Nd5 Be7 11. a4 c5 12. axb5 Bxb5 13. Re1 0-0 14. Qf3 Nxd5 15. Bxd5 Rb8 16. Bf4 Bf6 17. Rac1 Qe7 18. Qg3 Be5 19. Qf3 Qf6 20. g3 g5 21. Qg4 Bxf4 22. gxf4 Qxf4 23. Qxf4 gxf4 24. e5 dxe5 25. Rxe5 Rbe8 26. Rce1 Kg7 27. R1e4 f5 28. Rxe8 Rxe8 29. Rxf4 Re1+ 30. Kg2 Kg6 31. b4 Kg5 32. Kg3 Rg1+ 33. Kf3 Be2+ 34. Kxe2 Kxf4 35. bxc5 Ke5 36. Bf3 Ra1 37. c6 Kd6 38. Bg2 Ra3 39. Kd2 Rc3 40. Kd1 a5 41. Kc1 a4 42. Kb2 a3+ 43. Kb1 a2+ 44. Kxa2 Rxc2+ 45. Kb3 Rxf2 0-1

[Event "Titled Tuesday intern op 09th Jan Early"]
[Site "Chess.com INT"]
[Date "2024.01.09"]
[Round "11"]
[White "Martinez Pla, Xavier"]
[Black "Sakun, Volodymyr"]
[Result "1-0"]
[WhiteElo "2251"]
[BlackElo "2356"]
[PlyCount "159"]
[EventDate "2024.01.09"]
[EventType "swiss (blitz)"]
[EventRounds "11"]
[EventCountry "USA"]
[SourceTitle "CB03_2024"]
[SourceDate "2024.01.17"]
[SourceVersion "1"]
[SourceVersionDate "2024.01.17"]
[SourceQuality "1"]

1. e4 e5 2. Nf3 Nc6 3. d4 exd4 4. Nxd4 Bc5 5. Nxc6 Qf6 6. Qf3 bxc6 7. Nd2 a5 8. Nb3 Bb6 9. a4 d6 10. Bc4 Qxf3 11. gxf3 Ne7 12. Rg1 g6 13. Be3 Bxe3 14. fxe3 f5 15. exf5 Nxf5 16. 0-0-0 Ba6 17. Bxa6 Rxa6 18. e4 Ne7 19. f4 Rf8 20. Rdf1 c5 21. Nd2 Kd7 22. Nc4 Ke6 23. Ne3 Kd7 24. c3 Raa8 25. Kc2 Rae8 26. Rg4 Nc8 27. Kd3 Nb6 28. b3 c6 29. h4 d5 30. e5 Nc8 31. h5 Ne7 32. hxg6 hxg6 33. Rh1 Rb8 34. Kc2 Rh8 35. Rgh4 Rxh4 36. Rxh4 Rf8 37. Rh7 Ke6 38. Rh4 d4 39. Nc4 Nd5 40. cxd4 cxd4 41. Nxa5 Nxf4 42. Nxc6 d3+ 43. Kd2 g5 44. Rh7 Rc8 45. Rh6+ Kd7 46. Nd4 Rg8 47. e6+ Kd6 48. Nf5+ Ke5 49. Ng3 Nxe6 50. Kxd3 g4 51. a5 Rd8+ 52. Kc3 Rc8+ 53. Kb2 Nc5 54. b4 Nd3+ 55. Kb3 Rb8 56. Rh5+ Kf4 57. Ne2+ Ke3 58. Nc3 Nxb4 59. Kc4 Nc2 60. a6 g3 61. Nd5+ Kf3 62. Rg5 Rc8+ 63. Kb5 Nd4+ 64. Kb6 g2 65. a7 Ne2 66. Ne7 Re8 67. Nc6 Ng3 68. Nb8 g1Q+ 69. Kb7 Qb1+ 70. Kc7 Qe4 71. Rc5 Re7+ 72. Kb6 Qb4+ 73. Rb5 Rb7+ 74. Kxb7 Qxb5+ 75. Kc7 Qa5+ 76. Kb7 Qb5+ 77. Kc7 Qc5+ 78. Nc6 Qf8 79. Nd8 Qc5+ 80. Nc6 1-0

[Event "Titled Tuesday intern op 09th Jan Early"]
[Site "Chess.com INT"]
[Date "2024.01.09"]
[Round "1"]
[White "Sakun, Volodymyr"]
[Black "Sultanbek, Zeinep"]
[Result "0-1"]
[WhiteElo "2356"]
[BlackElo "2040"]
[PlyCount "118"]
[EventDate "2024.01.09"]
[EventType "swiss (blitz)"]
[EventRounds "11"]
[EventCountry "USA"]
[SourceTitle "CB03_2024"]
[SourceDate "2024.01.17"]
[SourceVersion "1"]
[SourceVersionDate "2024.01.17"]
[SourceQuality "1"]

1. Nf3 d5 2. d4 Nf6 3. c4 e6 4. Nc3 c6 5. e3 Nbd7 6. Qc2 Bd6 7. b3 dxc4 8. bxc4 e5 9. Bd3 0-0 10. 0-0 Re8 11. Bb2 exd4 12. exd4 Nf8 13. Rfe1 Bg4 14. Ne5 Bxe5 15. dxe5 N6d7 16. h3 Bh5 17. f4 Nc5 18. Bf1 Nfe6 19. Qf2 Qd4 20. g4 Qxf2+ 21. Kxf2 Nxf4 22. Ke3 Ng6 23. gxh5 Nxe5 24. Kd4 Ncd3 25. Na4 Rad8+ 26. Kc3 Nxe1 27. Rxe1 h6 28. Nc5 b6 29. Nd3 Nxd3 30. Rxe8+ Rxe8 31. Bxd3 Re5 32. Kd2 Rxh5 33. Bf1 Rf5 34. Ke2 Rf4 35. Ke1 g5 36. Bc3 f5 37. Bd2 Re4+ 38. Be2 Kf7 39. Kf2 Kg6 40. Bd3 Rd4 41. Ke3 c5 42. Bc3 Rd7 43. Ke2 h5 44. Be1 g4 45. h4 Re7+ 46. Kd2 Kf6 47. Bg3 Rd7 48. Bf4 Rd4 49. Ke3 a6 50. a4 b5 51. axb5 a5 52. b6 Rd7 53. Bc2 Rb7 54. Bc7 Ke6 55. Kf4 Rxc7 56. Ba4 Rb7 57. Bc6 Rxb6 58. Bd5+ Kf6 59. Bg8 a4 0-1

[Event "Morshyn GP 3rd"]
[Site "Morshyn"]
[Date "2023.12.02"]
[Round "3"]
[White "Biletskyy, Dmytro"]
[Black "Sakun, Volodymyr"]
[Result "0-1"]
[WhiteElo "1926"]
[BlackElo "2356"]
[PlyCount "46"]
[EventDate "2023.12.02"]
[EventType "swiss (rapid)"]
[EventRounds "9"]
[EventCountry "UKR"]
[SourceTitle "CB49_2023"]
[SourceDate "2023.12.06"]
[SourceVersion "1"]
[SourceVersionDate "2023.12.06"]
[SourceQuality "1"]

1. e4 e5 2. Nf3 Nc6 3. d4 exd4 4. Bc4 Nf6 5. e5 d5 6. Bb5 Ne4 7. Nxd4 Bc5 8. Be3 0-0 9. Bxc6 bxc6 10. 0-0 Bd7 11. f3 Ng5 12. Nd2 f6 13. N2b3 Bb6 14. exf6 Qxf6 15. Qd2 h6 16. c3 c5 17. Ne2 c4 18. Nbd4 c5 19. Nc2 Bc6 20. Bf2 d4 21. cxd4 Nxf3+ 22. gxf3 Qxf3 23. d5 Bxd5 0-1

[Event "Morshyn GP 3rd"]
[Site "Morshyn"]
[Date "2023.12.02"]
[Round "1"]
[White "Lysenko, Yuri"]
[Black "Sakun, Volodymyr"]
[Result "0-1"]
[WhiteElo "2005"]
[BlackElo "2356"]
[PlyCount "94"]
[EventDate "2023.12.02"]
[EventType "swiss (rapid)"]
[EventRounds "9"]
[EventCountry "UKR"]
[SourceTitle "CB49_2023"]
[SourceDate "2023.12.06"]
[SourceVersion "1"]
[SourceVersionDate "2023.12.06"]
[SourceQuality "1"]

1. d4 d5 2. Nf3 Nf6 3. Bf4 e6 4. e3 c5 5. c3 Nc6 6. Bd3 Qb6 7. b3 Be7 8. 0-0 0-0 9. Nbd2 Qd8 10. Rc1 Nh5 11. Bg3 Nxg3 12. hxg3 b6 13. Re1 Bb7 14. c4 dxc4 15. Nxc4 cxd4 16. Nxd4 Nxd4 17. exd4 Rc8 18. Bb1 Bf6 19. Qd3 g6 20. Ne5 Qd5 21. f3 Rxc1 22. Rxc1 Bxe5 23. dxe5 Qxe5 24. g4 Bd5 25. Kh1 Rd8 26. Qd2 Kg7 27. b4 g5 28. a3 Rh8 29. Re1 Qf6 30. Qe3 h5 31. gxh5 Rxh5+ 32. Kg1 Qf4 33. Qc3+ Qf6 34. Qe3 Rh4 35. Bc2 Qd4 36. Kf2 Qxe3+ 37. Rxe3 Rd4 38. Ke1 f5 39. Rc3 Rc4 40. Kd2 Rxc3 41. Kxc3 Kf6 42. Kd4 Ba2 43. a4 e5+ 44. Kc3 Bd5 45. a5 g4 46. axb6 axb6 47. fxg4 f4 0-1

[Event "Lvov Buturina Memorial 3rd"]
[Site "Lvov"]
[Date "2023.11.16"]
[Round "2"]
[White "Pilchuk, Artem"]
[Black "Sakun, Volodymyr"]
[Result "1/2-1/2"]
[WhiteElo "1719"]
[BlackElo "2356"]
[PlyCount "41"]
[EventDate "2023.11.16"]
[EventType "swiss"]
[EventRounds "9"]
[EventCountry "UKR"]
[SourceTitle "CB49_2023"]
[SourceDate "2023.12.06"]
[SourceVersion "1"]
[SourceVersionDate "2023.12.06"]
[SourceQuality "1"]

1. e4 e5 2. d4 exd4 3. Qxd4 Nc6 4. Qd3 d5 5. exd5 Nb4 6. Qe4+ Qe7 7. Qxe7+ Bxe7 8. Na3 Nxd5 9. Nc4 Bf5 10. c3 Bf6 11. Ne3 Be6 12. Nxd5 Bxd5 13. Ne2 Bc4 14. Be3 0-0-0 15. Nf4 Bxf1 16. Rxf1 Be5 17. Rd1 Nf6 18. Rxd8+ Rxd8 19. h3 Re8 20. Kd2 Ne4+ 21. Kc2 1/2-1/2

[Event "Titled Tuesday intern op 26th Sep Late"]
[Site "Chess.com INT"]
[Date "2023.09.26"]
[Round "2"]
[White "Gerbelli Neto, Eduardo"]
[Black "Sakun, Volodymyr"]
[Result "1/2-1/2"]
[WhiteElo "2114"]
[BlackElo "2370"]
[PlyCount "77"]
[EventDate "2023.09.26"]
[EventType "swiss (blitz)"]
[EventRounds "11"]
[EventCountry "USA"]
[SourceTitle "EXT 2024"]
[Source "ChessBase"]
[SourceDate "2023.10.10"]
[SourceVersion "1"]
[SourceVersionDate "2023.10.10"]
[SourceQuality "1"]

1. e4 e5 2. Nf3 Nc6 3. d4 exd4 4. Nxd4 Nf6 5. Nxc6 bxc6 6. e5 Qe7 7. Qe2 Nd5 8. c4 Ba6 9. h4 f6 10. exf6 Qxe2+ 11. Bxe2 Nxf6 12. Rh3 0-0-0 13. Nc3 d5 14. cxd5 Bxe2 15. Kxe2 cxd5 16. Bg5 c6 17. Rc1 Kd7 18. Rd3 Bd6 19. f3 Rhe8+ 20. Kf1 Rb8 21. b3 Nh5 22. Ne2 h6 23. Be3 a5 24. g4 Ng3+ 25. Nxg3 Bxg3 26. h5 Rxe3 27. Rxe3 Bf4 28. Rec3 Bxc1 29. Rxc1 Rb4 30. Ke2 a4 31. Rc3 axb3 32. Rxb3 Rxb3 33. axb3 c5 34. Kd3 Ke6 35. f4 Kd6 36. Ke3 Ke6 37. Kd3 Kd6 38. Ke3 Ke6 39. Kd3 1/2-1/2

[Event "Titled Tuesday intern op 26th Sep Late"]
[Site "Chess.com INT"]
[Date "2023.09.26"]
[Round "9"]
[White "Kilic, Eray"]
[Black "Sakun, Volodymyr"]
[Result "1-0"]
[WhiteElo "2432"]
[BlackElo "2370"]
[PlyCount "61"]
[EventDate "2023.09.26"]
[EventType "swiss (blitz)"]
[EventRounds "11"]
[EventCountry "USA"]
[SourceTitle "EXT 2024"]
[Source "ChessBase"]
[SourceDate "2023.10.10"]
[SourceVersion "1"]
[SourceVersionDate "2023.10.10"]
[SourceQuality "1"]

1. d4 Nf6 2. Nc3 d5 3. Bf4 e6 4. Nb5 Na6 5. e3 c6 6. Nc3 Bb4 7. Bd3 c5 8. Nf3 c4 9. Be2 Ne4 10. 0-0 Nxc3 11. bxc3 Bxc3 12. Rb1 0-0 13. h4 f6 14. h5 Rf7 15. Kh1 Qa5 16. g4 e5 17. dxe5 Bxg4 18. Rg1 Bxh5 19. e6 Re7 20. Nh4 Bxe2 21. Qxe2 d4 22. e4 Rc8 23. Nf5 Qd8 24. Bd6 Rcc7 25. Bxe7 Rxe7 26. Nxe7+ Qxe7 27. Qh5 Nc5 28. Rxg7+ Kxg7 29. Rg1+ Kh8 30. Qf7 Qxf7 31. exf7 1-0

[Event "Titled Tuesday intern op 26th Sep Late"]
[Site "Chess.com INT"]
[Date "2023.09.26"]
[Round "7"]
[White "Sakun, Volodymyr"]
[Black "Castella Garcia, Fausto"]
[Result "1-0"]
[WhiteElo "2370"]
[BlackElo "2320"]
[PlyCount "87"]
[EventDate "2023.09.26"]
[EventType "swiss (blitz)"]
[EventRounds "11"]
[EventCountry "USA"]
[SourceTitle "EXT 2024"]
[Source "ChessBase"]
[SourceDate "2023.10.10"]
[SourceVersion "1"]
[SourceVersionDate "2023.10.10"]
[SourceQuality "1"]

1. d4 Nf6 2. c4 e5 3. dxe5 Ng4 4. Nf3 Bc5 5. e3 Nc6 6. Be2 0-0 7. 0-0 Re8 8. b3 Ngxe5 9. Bb2 Nxf3+ 10. Bxf3 Ne5 11. Be2 a5 12. Nc3 Ra6 13. Ne4 Ba7 14. Bd4 Rh6 15. Bxa7 Qh4 16. f4 Qxh2+ 17. Kf2 Nc6 18. Ng3 Rh3 19. Nf5 d6 20. Bg4 Bxf5 21. Bxh3 Bxh3 22. Qf3 Bxg2 23. Qxg2 Qxg2+ 24. Kxg2 Nxa7 25. Kf3 Nc6 26. a3 f5 27. Rab1 Re4 28. Rfc1 h6 29. b4 axb4 30. axb4 g5 31. b5 g4+ 32. Kf2 Na5 33. c5 Nc4 34. cxd6 cxd6 35. Rc3 d5 36. Rd1 g3+ 37. Kxg3 Nxe3 38. Rdd3 d4 39. Rc7 h5 40. Rxb7 h4+ 41. Kxh4 Rxf4+ 42. Kg5 Rg4+ 43. Kf6 f4 44. Rxd4 1-0

[Event "Morshyn Saint Charbel Cup Blitz"]
[Site "Morshyn"]
[Date "2023.09.04"]
[Round "1"]
[White "Szpar, Milosz"]
[Black "Sakun, Volodymyr"]
[Result "1/2-1/2"]
[WhiteElo "2477"]
[BlackElo "2370"]
[PlyCount "100"]
[EventDate "2023.09.04"]
[EventType "tourn (blitz)"]
[EventRounds "9"]
[EventCountry "UKR"]
[EventCategory "6"]
[SourceTitle "EXT 2024"]
[Source "ChessBase"]
[SourceDate "2023.10.10"]
[SourceVersion "1"]
[SourceVersionDate "2023.10.10"]
[SourceQuality "1"]

1. e4 e5 2. Nf3 Nc6 3. Bb5 a6 4. Ba4 d6 5. 0-0 Bd7 6. c3 g6 7. d4 Bg7 8. Re1 Nf6 9. Bxc6 Bxc6 10. dxe5 Nxe4 11. exd6 0-0 12. Bf4 Nxd6 13. Nbd2 Re8 14. Ne5 Bd5 15. Nb3 Nf5 16. c4 Be6 17. Qf3 b6 18. Rad1 Qc8 19. Qc6 Ne7 20. Qe4 Bf5 21. Qe3 Bc2 22. Rc1 Nf5 23. Qf3 Bxb3 24. axb3 Nd4 25. Qd3 c5 26. b4 Qf5 27. Qxf5 Nxf5 28. bxc5 bxc5 29. Nd3 Bd4 30. b4 cxb4 31. Nxb4 Rxe1+ 32. Rxe1 Bc3 33. Rb1 Nd4 34. Kf1 Bxb4 35. Rxb4 Rc8 36. Ra4 Ne6 37. Be3 Rc6 38. Ke2 f5 39. g3 Kf7 40. h4 Kf6 41. Kd3 Ke5 42. Ra5+ Kf6 43. Kc3 Ke7 44. Rd5 Rd6 45. Kb4 Rxd5 46. cxd5 Nc7 47. Kc5 Kd7 48. Bd2 Nb5 49. Kb6 Nc7 50. Kc5 Nb5 1/2-1/2

[Event "Speed Chess Q1 Sw"]
[Site "Chess.com INT"]
[Date "2023.08.21"]
[Round "12"]
[White "Kosteniuk, Alexandra"]
[Black "Sakun, Volodymyr"]
[Result "0-1"]
[WhiteElo "2532"]
[BlackElo "2370"]
[PlyCount "182"]
[EventDate "2023.08.21"]
[EventType "k.o. (blitz)"]
[EventRounds "14"]
[EventCountry "USA"]
[SourceTitle "CBM 215 Extra"]
[Source "ChessBase"]
[SourceDate "2023.09.30"]
[SourceVersion "1"]
[SourceVersionDate "2023.09.30"]
[SourceQuality "1"]

1. e4 e5 2. Nf3 Nc6 3. Bc4 Bc5 4. d3 Nf6 5. a4 a5 6. c3 d6 7. Bg5 h6 8. Bh4 0-0 9. Nbd2 Be6 10. Qb3 Bxc4 11. Nxc4 Rb8 12. 0-0 g5 13. Nxg5 hxg5 14. Bxg5 Qe7 15. Kh1 Qe6 16. f4 exf4 17. Rxf4 Nh7 18. Rf5 Qg6 19. Bh4 Kh8 20. Raf1 f6 21. Qd1 Ne5 22. Nxa5 Bb6 23. Nc4 Nxc4 24. dxc4 Rbe8 25. Qf3 Re5 26. b4 Rxf5 27. exf5 Qf7 28. Qd3 Re8 29. Rf3 Qe7 30. h3 Qe4 31. c5 dxc5 32. Qd7 Re7 33. Qd8+ Re8 34. Bxf6+ Kg8 35. Rg3+ Kf8 36. Bg7+ Kf7 37. Qd7+ Re7 38. Qd1 Qe1+ 39. Qxe1 Rxe1+ 40. Kh2 cxb4 41. cxb4 Be3 42. Be5 Bg1+ 43. Kh1 Bf2+ 44. Kh2 Bxg3+ 45. Bxg3 Rb1 46. Bxc7 Rxb4 47. a5 Rb5 48. g4 Rb3 49. h4 Nf6 50. g5 Ne4 51. Kg2 Rb5 52. f6 Nxf6 53. gxf6 Kxf6 54. Kg3 Rb4 55. Bd8+ Kg6 56. Bc7 Rc4 57. Bd8 Kf5 58. Bb6 Rc3+ 59. Kf2 Kg4 60. Ke2 Kxh4 61. Kd2 Rc6 62. Kd3 Kg5 63. Kd4 Kf6 64. Kd5 Ke7 65. Bc5+ Kd7 66. Bb6 Rc1 67. Bc5 Rd1+ 68. Kc4 Kc6 69. Bb6 Rc1+ 70. Kb4 Rb1+ 71. Kc4 Rb2 72. Kc3 Rb5 73. Kc4 Rb1 74. Bd8 Rc1+ 75. Kb4 Re1 76. Bb6 Re4+ 77. Kc3 Kb5 78. Kb3 Rg4 79. Kc3 Rg3+ 80. Kb2 Kb4 81. Bc7 Rg2+ 82. Kc1 Kb3 83. a6 bxa6 84. Bd8 Rg1+ 85. Kd2 Ra1 86. Bf6 Ra2+ 87. Kc1 a5 88. Be7 a4 89. Bf6 a3 90. Be5 Rc2+ 91. Kb1 a2+ 0-1

[Event "Speed Chess Q1 Sw"]
[Site "Chess.com INT"]
[Date "2023.08.21"]
[Round "9"]
[White "Sakun, Volodymyr"]
[Black "Rosh, Jain"]
[Result "1-0"]
[WhiteElo "2370"]
[BlackElo "2248"]
[PlyCount "123"]
[EventDate "2023.08.21"]
[EventType "k.o. (blitz)"]
[EventRounds "14"]
[EventCountry "USA"]
[SourceTitle "CBM 215 Extra"]
[Source "ChessBase"]
[SourceDate "2023.09.30"]
[SourceVersion "1"]
[SourceVersionDate "2023.09.30"]
[SourceQuality "1"]

1. d4 Nf6 2. c4 e6 3. Nf3 d5 4. cxd5 exd5 5. Bg5 Be7 6. Qc2 c6 7. Nc3 Nbd7 8. e3 h6 9. Bh4 Nf8 10. Bd3 Be6 11. 0-0 N8d7 12. h3 0-0 13. Rab1 a5 14. a3 c5 15. dxc5 Nxc5 16. Bf5 Rc8 17. Nd4 Qd7 18. Bxe6 fxe6 19. Qg6 Nfe4 20. Nxe4 Nxe4 21. Bxe7 Qxe7 22. Rbd1 Nf6 23. Rc1 Qf7 24. Qxf7+ Kxf7 25. Nb5 Ke7 26. Na7 Rxc1 27. Rxc1 Kd7 28. f3 Ra8 29. Nb5 Rc8 30. Rxc8 Kxc8 31. Kf2 Kd7 32. Kg3 g5 33. h4 Kc6 34. Nd4+ Kd6 35. hxg5 hxg5 36. Kf2 e5 37. Nf5+ Ke6 38. g4 e4 39. Nd4+ Kd6 40. Nb3 b6 41. Nd4 exf3 42. Kxf3 Ne4 43. Ke2 Nf6 44. Kf3 Ne4 45. b4 axb4 46. axb4 Nd2+ 47. Ke2 Ne4 48. Nf3 Ke6 49. Kd3 Kf6 50. Kd4 Ke6 51. Ne5 Nf6 52. b5 Ne4 53. Nf3 Kd6 54. Ne1 Nf6 55. Nf3 Nxg4 56. Nxg5 Nf6 57. Nf3 Nd7 58. Nd2 Nc5 59. Kc3 Ne6 60. Nb3 Ke5 61. Kd3 Nc7 62. Nd4 1-0

[Event "Speed Chess Q1 Sw"]
[Site "Chess.com INT"]
[Date "2023.08.21"]
[Round "13"]
[White "Sakun, Volodymyr"]
[Black "Weetik, Vjacheslav"]
[Result "1/2-1/2"]
[WhiteElo "2370"]
[BlackElo "2423"]
[PlyCount "163"]
[EventDate "2023.08.21"]
[EventType "k.o. (blitz)"]
[EventRounds "14"]
[EventCountry "USA"]
[SourceTitle "CBM 215 Extra"]
[Source "ChessBase"]
[SourceDate "2023.09.30"]
[SourceVersion "1"]
[SourceVersionDate "2023.09.30"]
[SourceQuality "1"]

1. Nf3 Nf6 2. d4 e6 3. c4 Bb4+ 4. Bd2 Qe7 5. g3 Nc6 6. Bg2 Bxd2+ 7. Nbxd2 d6 8. 0-0 e5 9. d5 Nb8 10. e4 a5 11. b3 Na6 12. a3 0-0 13. b4 Bd7 14. Qb3 c6 15. dxc6 bxc6 16. Qc3 axb4 17. axb4 c5 18. b5 Nb4 19. Ne1 Rxa1 20. Qxa1 Be6 21. Qb1 Ra8 22. Nd3 Nxd3 23. Qxd3 Nd7 24. Qc3 Nb6 25. Ra1 Qd8 26. Bf1 h6 27. Ra5 Na4 28. Rxa8 Qxa8 29. Qd3 Qb8 30. Qa3 Qa8 31. Qd3 Qb8 32. Qa3 Nb6 33. Qa6 Kf8 34. Qa5 Ke7 35. f3 Kd7 36. Bd3 Kc7 37. Kf2 Qa8 38. Qxa8 Nxa8 39. Ke3 Nb6 40. f4 f6 41. f5 Bf7 42. g4 Na4 43. h4 Kb6 44. Nb3 Nb2 45. Nd2 Ka5 46. Be2 Na4 47. Kd3 Kb4 48. Kc2 Nb6 49. Bd3 Bg8 50. Be2 Bf7 51. h5 Bg8 52. Bd3 Ka5 53. Kb3 Bf7 54. Be2 Nc8 55. Bd3 Kb6 56. Be2 Na7 57. Kc3 Ka5 58. Nb3+ Kb6 59. Nd2 Nc8 60. Nb3 Kc7 61. Na5 Be8 62. Nb3 Nb6 63. Nc1 Bf7 64. Bd3 Kb7 65. Kb3 Na8 66. Na2 Nc7 67. Nc3 Kb6 68. Na4+ Ka5 69. Nc3 Na8 70. Na4 Nb6 71. Nxb6 Kxb6 72. Ka4 Be8 73. Bc2 Bd7 74. Bd3 Bc8 75. Bc2 Bb7 76. Bd3 Bc8 77. Bc2 Bd7 78. Bd3 Be8 79. Bc2 Bf7 80. Bd3 Bg8 81. Be2 Bf7 82. Bd3 1/2-1/2

[Event "Titled Tuesday intern op 08th Aug Early"]
[Site "Chess.com INT"]
[Date "2023.08.08"]
[Round "9"]
[White "Bharath, Subramaniyam H"]
[Black "Sakun, Volodymyr"]
[Result "1-0"]
[WhiteElo "2482"]
[BlackElo "2370"]
[PlyCount "71"]
[EventDate "2023.08.08"]
[EventType "swiss (blitz)"]
[EventRounds "11"]
[EventCountry "USA"]
[SourceTitle "EXT 2024"]
[Source "ChessBase"]
[SourceDate "2023.10.10"]
[SourceVersion "1"]
[SourceVersionDate "2023.10.10"]
[SourceQuality "1"]

1. c4 e5 2. Nf3 Nc6 3. d4 exd4 4. Nxd4 Bb4+ 5. Bd2 Bxd2+ 6. Qxd2 Nxd4 7. Qxd4 Qf6 8. Qd2 Ne7 9. Nc3 0-0 10. g3 c6 11. Bg2 Rd8 12. 0-0 d5 13. cxd5 cxd5 14. Rfd1 Be6 15. Rac1 h6 16. Nb5 a6 17. Nd4 Rac8 18. Qb4 Rc4 19. Qb6 Rd7 20. Nxe6 Rxc1 21. Rxc1 Qxe6 22. Qb3 Qxe2 23. Bh3 Rd6 24. Qxb7 Rf6 25. Rf1 d4 26. Bg2 d3 27. Be4 Ng6 28. Qc8+ Kh7 29. Qc4 Rd6 30. Bf5 Qxb2 31. Bxd3 Qd4 32. Qxd4 Rxd4 33. Rd1 Ra4 34. Rd2 Kg8 35. f4 Ne7 36. Bc2 1-0

[Event "Titled Tuesday intern op 08th Aug Early"]
[Site "Chess.com INT"]
[Date "2023.08.08"]
[Round "3"]
[White "Kushko, Dmitriy"]
[Black "Sakun, Volodymyr"]
[Result "1-0"]
[WhiteElo "2426"]
[BlackElo "2370"]
[PlyCount "57"]
[EventDate "2023.08.08"]
[EventType "swiss (blitz)"]
[EventRounds "11"]
[EventCountry "USA"]
[SourceTitle "EXT 2024"]
[Source "ChessBase"]
[SourceDate "2023.10.10"]
[SourceVersion "1"]
[SourceVersionDate "2023.10.10"]
[SourceQuality "1"]

1. Nf3 Nf6 2. g3 d5 3. Bg2 c5 4. 0-0 Nc6 5. d4 e6 6. c4 Be7 7. Nc3 dxc4 8. dxc5 Qxd1 9. Rxd1 Bxc5 10. Nd2 Na5 11. Nde4 Be7 12. Nb5 0-0 13. Nc7 Rb8 14. Bf4 Nc6 15. Rac1 e5 16. Be3 Ng4 17. Bc5 Bf5 18. Bxe7 Nxe7 19. Rxc4 Rfd8 20. Rcc1 b6 21. Nd6 Be6 22. Nxe6 fxe6 23. Bh3 h5 24. f3 Ne3 25. Bxe6+ Kh7 26. Rd3 b5 27. Rc7 Ng6 28. Kf2 Nc2 29. Rxc2 1-0